CIDORural. tota la informació pública per al món rural
Descripción Física:
1 fulletó ; il·lustracions color ; 10 x 21 cm
Materias:
Barcelona (Catalunya : Província). -- Cercador d’Informació i Documentació Oficials
; Ocupació, Cerca d'
; Funció pública -- Oferta i demanda
; Fulletons
Idioma:
Catalán
MARC
| LEADER | 00000nam a22000007a 4500 | ||
|---|---|---|---|
| 001 | 28550 | ||
| 003 | AGDB | ||
| 005 | 20260324181525.0 | ||
| 008 | 230612b spa||||| |||| 00| 0 cat d | ||
| 017 | |a B 17452-2023 | ||
| 040 | |a agdb |b cat | ||
| 245 | |a CIDORural. tota la informació pública per al món rural | ||
| 260 | |a Barcelona : |b Diputació de Barcelona. Cercador d'Informació i Documents Oficials ; |c 2023 | ||
| 300 | |a 1 fulletó ; |b il·lustracions color ; |c 10 x 21 cm | ||
| 610 | 2 | 0 | |9 54955 |a Barcelona (Catalunya : Província). |b Cercador d’Informació i Documentació Oficials |
| 650 | 0 | |9 36515 |a Ocupació, Cerca d' | |
| 650 | 0 | |9 55840 |a Funció pública |x Oferta i demanda | |
| 655 | 0 | |a Fulletons |9 55858 | |
| 710 | 2 | |9 54955 |a Barcelona (Catalunya : Província). |b Cercador d’Informació i Documentació Oficials | |
| 942 | |c ARXIU |n 1 | ||
| 952 | |0 0 |1 0 |4 0 |6 FU7753 |7 1 |9 97301 |a Arxiu |b Arxiu |d 2024-07-26 |l 0 |o FU-77-53 |p 28550 |r 2024-07-26 00:00:00 |w 2024-07-26 |y ARXIU | ||
| 999 | |c 129153 |d 129153 | ||